Элементный состав организма человека и его связь с факторами среды обитания: диссертация на соискание ученой степени кандидата геолого-минералогических наук; спец. 25.00.36

Podrobná bibliografie
Hlavní autor: Игнатова Т. Н. Татьяна Николаевна
Korporativní autor: Национальный исследовательский Томский политехнический университет (ТПУ)
Další autoři: Рихванов Л. П. Леонид Петрович (научный руководитель)
Shrnutí:Защищена сост. 10.12.2010 г.
Jazyk:ruština
Vydáno: Томск, 2010
Témata:
Médium: MixedMaterials Kniha
KOHA link:https://koha.lib.tpu.ru/cgi-bin/koha/opac-detail.pl?biblionumber=188918

MARC

LEADER 00000nbm0a2200000 4500
001 188918
005 20231101224154.0
035 |a (RuTPU)RU\TPU\book\205213 
035 |a RU\TPU\book\205212 
090 |a 188918 
100 |a 20101216j20101210k y0rusy50 ca 
101 0 |a rus 
102 |a RU 
105 |a a m 001zy 
200 1 |a Элементный состав организма человека и его связь с факторами среды обитания  |e диссертация на соискание ученой степени кандидата геолого-минералогических наук  |e спец. 25.00.36  |f Т. Н. Игнатова  |g Национальный исследовательский Томский политехнический университет (ТПУ) ; науч. рук. Л. П. Рихванов 
210 |a Томск  |d 2010 
215 |a 228 л.  |c ил. 
300 |a Защищена сост. 10.12.2010 г. 
320 |a Библиогр.: с. 211-228 (283 назв.). 
606 1 |a Химические элементы  |x организм и среда обитания  |2 stltpush  |3 (RuTPU)RU\TPU\subj\70266  |9 84639 
610 1 |a аналитические исследования 
610 1 |a территории 
610 1 |a эколого-геохимические особенности 
610 1 |a человек 
610 1 |a элементный состав 
610 1 |a изучение 
610 1 |a классификация 
610 1 |a распределение 
610 1 |a геохимия 
610 1 |a функциональные системы 
610 1 |a редкоземельные элементы 
610 1 |a радиоактивные элементы 
610 1 |a человеческий организм 
610 1 |a зольный остаток 
610 1 |a геохимические характеристики 
610 1 |a биогеохимические особенности 
610 1 |a Западная Сибирь 
610 1 |a диссертации 
610 1 |a труды учёных ТПУ 
675 |a 574.2(04)  |v 3 
686 |a 25.00.36  |2 oksvnk 
700 1 |a Игнатова  |b Т. Н.  |c геохимик  |c инженер Томского политехнического университета  |f 1986-  |g Татьяна Николаевна  |2 stltpush  |3 (RuTPU)RU\TPU\pers\26170 
702 1 |a Рихванов  |b Л. П.  |c российский ученый, геолог  |c профессор Томского политехнического университета, доктор геолого-минералогических наук  |c заслуженный геолог РФ  |c почетный работник высшего образования РФ  |f 1945-  |g Леонид Петрович  |2 stltpush  |3 (RuTPU)RU\TPU\pers\23187  |4 727 
712 0 2 |a Национальный исследовательский Томский политехнический университет (ТПУ)  |c (2009- )  |2 stltpush  |3 (RuTPU)RU\TPU\col\15902 
801 1 |a RU  |b 63413507  |c 20101216 
801 2 |a RU  |b 63413507  |c 20101224  |g RCR 
942 |c BK